| 000 | 00916nam a22002177a 4500 | ||
|---|---|---|---|
| 999 |
_c20146 _d20146 |
||
| 003 | AR-CdUCM | ||
| 008 | 190527b ||||| |||| 00| 0 spa d | ||
| 040 |
_aMUNICIPALIDAD PROVINCIAL DEL CUSCO _cBIBLIOTECA MUNICIPAL DEL CUSCO |
||
| 082 |
_a985.05 / _bL96 |
||
| 100 |
_aLuna Pizarro, Francisco Javier de _942130 |
||
| 245 | _aEscritos políticos / | ||
| 260 |
_aLima : _bUniversidad Nacional Mayor de San Marcos, _c1959. |
||
| 300 |
_a227 + 56 páginas ; _c25 cm. |
||
| 505 | _aContenido: Cartas -- Artículos -- Discursos -- Fuentes-- Indices -- Escritos políticos -- Suplemento.Contenido: Cartas -- Artículos -- Discursos -- Fuentes-- Indices -- Escritos políticos -- Suplemento. | ||
| 650 |
_aBiografías históricas _96252 |
||
| 650 |
_aHistoria _9136 |
||
| 650 |
_aDocumentos _97186 |
||
| 700 |
_aTauro, Alberto (recopilador, prologo y notas) _942131 |
||
| 942 |
_2ddc _cLIBROS |
||
| 945 |
_adavv _d2019-05-27 |
||